000 01064nam a2200337 a 4500
001 0000428
003 DO-SdBPM
005 20250813084717.0
007 ta
008 091125s1992 sp a 000 0 spa d
020 _a8432981303
040 _aDO-SdBPM
_bspa
_cBPMSU
_erda
082 4 _a372.5
_bN469p 1992
_222
100 1 _a Netolitzky, Cornelia
_eautor
245 1 0 _aPaquetes para fiestas infantiles /
_cCornelia Netolitzky ; traducción Gschenke Verpacken
_b
260 _a
_b
_c
264 _aBarcelona :
_bEdiciones Ceac,
_c1992
300 _a31 páginas :
_bilustraciones ;
_c22 cm.
_e
336 _atexto
_btxt
_2rdacontent
337 _asin mediación
_bn
_2rdamedia
338 _avolumen
_bnc
_2rdacarrier
490 0 _aHobby creativo
590 _aInventariado, 2025/VM
650 7 _a Trabajos en papel
_x
650 7 _aPapel (Obras manuales infantiles)
650 7 _aTrabajos manuales (Educación)
654 _v
700 1 _aVerpacken, Gschenke
_etraducción
910 _a VMateo V. Control de calidad. BPMSU
942 _2ddc
_cBK
999 _c15328
_d15328